| 000 | 00659nam a2200241Ia 4500 | ||
|---|---|---|---|
| 001 | 15537 | ||
| 005 | 20240113235631.0 | ||
| 007 | ta | ||
| 008 | 051209s1953 a g b000 u 465 u | ||
| 040 | _aCotton College,Assam | ||
| 041 | _a465 | ||
| 082 |
_a516 _bL 15 N |
||
| 100 | _aLal, Bansi . | ||
| 245 | 0 |
_aHints and Solutions of the Examples in New Analytical Solid Geometry / _cBansi Lal. _hTextual Documents |
|
| 250 | _a1st ed. / | ||
| 260 |
_aDelhi : _bAtmaram & Sons , _c1953. |
||
| 300 |
_a92p. : _bill ; _c22cm . |
||
| 653 | _aSolid Geometry | ||
| 653 | _aG-Mathematics | ||
| 942 |
_2ddc _cBK |
||
| 999 |
_c15523 _d15523 |
||